000 00679cam a2200217 4500500
005 20260329001412.0
041 _afre
042 _adc
100 1 0 _aRouquié, Alain
_eauthor
700 1 0 _aVieira, Suzi
_eauthor
245 0 0 _aAlain Rouquié : « Le curseur passe entre redistribution et autorégulation du marché »
260 _c2007.
500 _a66
690 _aAmérique
690 _aBrésil
690 _aDroite
690 _aGauche
690 _aPolitique
786 0 _nPhilosophie magazine | 6 | 2 | 2007-02-01 | p. 12-12 | 1951-1787
856 4 1 _uhttps://shs.cairn.info/magazine-philosophie-magazine-2007-2-page-12?lang=fr&redirect-ssocas=7080
999 _c1805075
_d1805075